=LDR 00000nam 2200000 4500 =001 INLIS000000000017208 =005 20201228105229 =035 ##$$a 0010-061300000017208 =008 201228################g##########0#ind## =041 ##$$a Ind =082 ##$$a 332.609 598 143 =090 ##$$a 332.609 598 143, Mem m =245 ##$$a Membangun Indonesia, Studi kasus Batam =260 ##$$a Jakarta :$b Pustaka sinar harapan,$c 2003 =300 ##$$a xii, 170 hlm : $b ilus ; $c 20 x 14 cm =650 #4$$a Peranan Model-Batam =700 #$$a Penyunting, Apul D Maharadja =850 ##$$a NBPNMAT =020 ##$$a 979-416-798-3 =084 ##$$a 332.609 598 143 MEM =250 ##$$a cet.1 =990 ##$$a 20603708 =990 ##$$a 20603709 =990 ##$$a 20603710 =990 ##$$a 20603711 =990 ##$$a 20603711 =990 ##$$a 20603708 =990 ##$$a 20603709 =990 ##$$a 20603710 =990 ##$$a 20603711 =990 ##$$a 20603708 =990 ##$$a 20603709 =990 ##$$a 20603710